Statistics for Panic! At the disco: A fever you can't sweat out.

Click here to take the quiz!

General Stats

  • This quiz has been taken 241 times
  • The average score is 7 of 12

Answer Stats

Answer% Correct
I write sins not tragedies
82%
Camisado
76%
Build God, then we'll talk
73%
Time to dance
70%
But it's better if you do
67%
Nails for breakfast, tacks for snacks
64%
I constantly thank god for Esteban
63%
Intermission
61%
The only difference between martyrdom and suicide is press coverage
60%
London beckoned songs about money written by machines
54%
There's a good reason these tables are numbered honey, you just haven't thought of it yet
45%
Lying is the most fun a girl can have without taking off her clothes
23%

Score Distribution

Percentile by Number Answered

Percent of People with Each Score

Your Score History

You have not taken this quiz